| 000 | 01034nam a2200253 a 4500 | ||
|---|---|---|---|
| 001 | 000020930 | ||
| 005 | 20251120073732.0 | ||
| 008 | 100824s1982 dr 000 0 spa d | ||
| 040 |
_aDO-SdBNP _bspa _cBNPHU |
||
| 082 |
_a330.97293 _bA367v |
||
| 100 | 1 |
_aAlemán, José Luis, _97046 |
|
| 245 | 1 | 0 |
_a27 ensayos sobre economía y sociedad dominicanas / _cJosé Luis Alemán. |
| 246 | 1 | _aVeintisiete ensayos sobre economía y sociedad dominicanas | |
| 260 |
_aSanto Domingo : _bUCMM, _c1982. |
||
| 300 |
_a561 p. : _btablas ; _c21 cm. |
||
| 490 | 1 |
_aEstudios _v74 |
|
| 504 | _aIncluye bibliografía y notas al pie de páginas y al final de capítulos. | ||
| 590 | _aInventariado, 2018/ YL | ||
| 651 | 4 |
_aRepública Dominicana _xCondiciones Económicas _xEnsayos, Conferencias, Etc. _92598 |
|
| 651 | 4 |
_aRepública Dominicana _xCondiciones Sociales _xEnsayos, Conferencias, Etc. _91166 |
|
| 710 | 2 |
_aPontificia Universidad Católica Madre y Maestra _9843 |
|
| 830 | 0 |
_aEstudios _n74 _943854 |
|
| 910 | _aValidado. Control de calidad EMS | ||
| 999 |
_c20433 _d20433 |
||